| 000 | 02035nam a22002537a 4500 | ||
|---|---|---|---|
| 005 | 20141015124813.0 | ||
| 010 | _aENG-111079 | ||
| 020 |
_a9788132116639 _c995.00 |
||
| 035 | _aEN-94611 | ||
| 037 | _bDBAD/PUB | ||
| 082 | _a323.1542 | ||
| 245 |
_aDevelopment failure and identity politics in Uttar Pradesh / _c edited by Roger Jeffery, Craig Jeffrey [and] Jens Lerche |
||
| 260 |
_aNew Delhi _bSAGE Publications _c2014 |
||
| 270 |
_aB1/I-1 Mohan Cooperative Industrial Area _bNew Delhi _e110044 |
||
| 300 |
_axiii,270p. _c23cm(Hb) |
||
| 500 | _aIncludes bibliographical references and index. | ||
| 505 | _aPreface -- Introduction: democratisation in Uttar Pradesh / Craig Jeffrey -- Rural transformation and occupational diversification in western Uttar Pradesh : economic and demographic changes in a village / Satendra Kumar -- Underserved and overdosed? : Muslims and the pulse polio initiative in rural north India / Patricia Jeffery -- The elusive pursuit of social justice for dalits in Uttar Pradesh / Ali Mehdi -- Agency in words, self-representation in action : connecting and disconnecting dalit and low-caste women with India’s history of gender and politics / Manuela Ciotti -- Political cooperation and distrust : identity politics and Yadav Muslim relations, 1999-2009 / Lucia Michelutti and Oliver Heath -- On whose behalf? : women’s activism and identity politics in Uttar Pradesh / Radhika Govinda -- The politics of identity and the people left behind : the Mallah community of Uttar Pradesh / Assa Doron -- Working narratives of intercommunity harmony in Varanasi’s : silk sari industry / Philippa williams -- Democracy and development in Uttar Pradesh / Zoya Hasan -- Glossary -- About the editors and contributors -- Index. | ||
| 650 |
_aInfrastructure (Economics) _zIndia _zUttar Pradesh |
||
| 650 |
_aWomen _zIndia _zUttar Pradesh _x Social conditions. |
||
| 700 | _a Jeffery, Roger | ||
| 700 | _a Jeffery, Craig | ||
| 700 | _aLerche,Jens | ||
| 942 |
_2ddc _cEN _h323.1542 _mDEV |
||
| 999 |
_c89308 _d89308 |
||